Mineral resources and development / (Record no. 13303)
[ view plain ]
| 000 -LEADER | |
|---|---|
| fixed length control field | 00486cam a2200193ua 4500 |
| 041 ## - LANGUAGE CODE | |
| Language code of text/sound track or separate title | eng |
| 082 ## - DEWEY DECIMAL CLASSIFICATION NUMBER | |
| Classification number | 553.73 |
| Item number | ROO/MI |
| 100 ## - MAIN ENTRY--AUTHOR NAME | |
| Personal name | Roonwal, G S . |
| 245 00 - TITLE STATEMENT | |
| Title | Mineral resources and development / |
| 260 ## - PUBLICATION, DISTRIBUTION, ETC. (IMPRINT) | |
| Place of publication | Delhi : |
| Name of publisher | Daya publishing house , |
| Year of publication | 2005. |
| 300 ## - PHYSICAL DESCRIPTION | |
| Number of Pages | 220 ; . |
| 700 1# - ADDED ENTRY--PERSONAL NAME | |
| Personal name | Ranjbar, H . |
| 700 1# - ADDED ENTRY--PERSONAL NAME | |
| Personal name | Shahriar, K . |
| 942 ## - ADDED ENTRY ELEMENTS (KOHA) | |
| Koha item type | Books |
| Withdrawn status | Lost status | Damaged status | Home library | Current library | Date acquired | Full call number | Accession Number | Koha item type |
|---|---|---|---|---|---|---|---|---|
| KAUAET | KAUAET | 07/04/2012 | 553.73 ROO/MI | 21598 | Books |
